Uplatňovanie menových nástrojov NBS
Národná banka Slovenska prijala na rok 1994 systém menových nástrojov na zabezpečenie vnútornej a vonkajšej stability slovenskej koruny. Riadenie menovej politiky prostredníctvom úverových limitov. Obmedzenie refinancovania obchodných bánk. Vývoj menovej bázy (konsolidovaná bilancia NBS).
Guardado en:
| Autor principal: | |
|---|---|
| Otros Autores: | |
| Formato: | Capítulo de libro |
| Lenguaje: | eslovaco |
| Materias: | |
| Etiquetas: |
Sin Etiquetas, Sea el primero en etiquetar este registro!
|
MARC
| LEADER | 00000naa a2200000 4500 | ||
|---|---|---|---|
| 001 | r015603 | ||
| 005 | 20221205085908.8 | ||
| 041 | 0 | |a slo | |
| 044 | |a SK | ||
| 245 | 1 | 0 | |a Uplatňovanie menových nástrojov NBS |c H. Tenczerová, Renáta Konečná |
| 520 | |a Národná banka Slovenska prijala na rok 1994 systém menových nástrojov na zabezpečenie vnútornej a vonkajšej stability slovenskej koruny. Riadenie menovej politiky prostredníctvom úverových limitov. Obmedzenie refinancovania obchodných bánk. Vývoj menovej bázy (konsolidovaná bilancia NBS). | ||
| 610 | 2 | 0 | |a banky emisné |
| 610 | 2 | 0 | |a banky obchodné |
| 610 | 2 | 0 | |a NBS Bratislava |
| 610 | 2 | 0 | |a politika menová |
| 610 | 2 | 0 | |a úver bankový |
| 610 | 2 | 0 | |a limity úverové |
| 610 | 2 | 0 | |a aukcie |
| 610 | 2 | 0 | |a Slovensko |
| 100 | 1 | |a Tenczerová, H. | |
| 700 | 1 | |a Konečná, Renáta | |